000 00700cam a2200217 4500500
005 20260405003028.0
041 _afre
042 _adc
100 1 0 _aPortevin, Catherine
_eauthor
245 0 0 _a« J’ai cru que c’était un homme ». Alain, les religions, la laïcité, l’antisémitisme
260 _c2020.
500 _a41
690 _aAlain
690 _aAndré Comte-Sponville
690 _aAntisémitisme
690 _aAthéisme
690 _aLaïcité
690 _aReligion
786 0 _nPhilosophie magazine | 136 | 2 | 2020-02-01 | p. 67-67 | 1951-1787
856 4 1 _uhttps://shs.cairn.info/magazine-philosophie-magazine-2020-2-page-67?lang=fr&redirect-ssocas=7080
999 _c2063701
_d2063701